| 000 | 00423nam a2200157Ia 4500 | ||
|---|---|---|---|
| 003 | LK-CoDNM | ||
| 008 | 010623t1991 xxu||||| |||| 00| 1 eng d | ||
| 040 |
_aLK-CoDNM _dLK-CoDNM _eLK-CoDNM |
||
| 041 | _aeng | ||
| 080 | _a8-32 WIJ | ||
| 100 | _aWijesinha, Rajiva | ||
| 245 | _aThe lady hippopotamus and other stories | ||
| 260 |
_bEnglish writers cooperative of Sri Lanka _c1991 |
||
| 300 | _b(v)146, 22 cm | ||
| 942 | _cBK | ||
| 999 |
_c115068 _d115068 |
||